European Countries with a 'C' Quiz Stats

 Plays Quiz Updated Apr 30, 2019

Support Sporcle.
Go Orange.
Score 0/10 Timer 03:00
11 Plays Today
% Correct
France
88.6%
Iceland
87.3%
Greece
86.5%
Croatia
86.1%
Czechia
85.7%
North Macedonia
76%
Cyprus
75.9%
Vatican City
65.3%
Liechtenstein
63.2%
Monaco
58.3%

You're not logged in!

Compare scores with friends on all Sporcle quizzes.
OR
Log In

From the Vault

60 Second Blitz: World Capitals

by 1447

How much of the world can you conquer on 60 seconds?
Remove Ads.
Support Sporcle.
Get the best of Sporcle when you Go Orange. This ad-free experience offers more features, more stats, and more fun while also helping to support Sporcle. Thank you for becoming a member.

Show Comments

Extras

Top Quizzes Today


Score Distribution

Your Account Isn't Verified!

In order to create a playlist on Sporcle, you need to verify the email address you used during registration. Go to your Sporcle Settings to finish the process.

Report this User

Report this user for behavior that violates our Community Guidelines.

Details: